000
00193 a2200097 4500
020
_a
9781562709372
041
_a
spa
100
_a
Adria Klein
245
_a
Puedo hacer muchas cosas
942
_c
BK
999
_c
29189
_d
29187